Statistics for Dinosaurs and Prehistoric Reptiles Names Quiz

Click here to take the quiz!

General Stats

  • This quiz has been taken 296 times
  • The average score is 11 of 20

Answer Stats

HintAnswer% Correct
King of the Tyrant LizardsTyrannosaurus Rex
92%
Three horn faceTriceratops
88%
Quick thiefVelociraptor
88%
Egg thiefOviraptor
84%
Meat eating bullCarnotaurus
72%
Different lizardAllosaurus
62%
Covered lizardStegosaurus
60%
Two crested lizardDilophosaurus
59%
Fused lizardAnkylosaurus
58%
Arm lizardBrachiosaurus
57%
Terrible clawDeinonychus
56%
Thick headed lizardPachycephalosaurus
55%
Chicken mimicGallimimus
54%
Feathered Serpent (Mesoamerican feathered god of wind and wisdom)Quetzalcoatlus
50%
Double beamDiplodocus
46%
Near crested LizardParasaurolophus
35%
Strong ClawBaryonyx
33%
Wounding toothTroodon
33%
Feather wingArcheopteryx
18%
Wrinkle faceRugops
16%

Score Distribution

Percentile by Number Answered

Percent of People with Each Score

Your Score History

You have not taken this quiz